Normal view
MARC view
- West, W J
Entry Personal Name
001 - CONTROL NUMBER
- control field: 7878
003 - CONTROL NUMBER IDENTIFIER
- control field: OSt
005 - DATE AND TIME OF LATEST TRANSACTION
- control field: 20260221112538.0
008 - FIXED-LENGTH DATA ELEMENTS
- fixed length control field: 260221|| aca||aabn | a|a d
040 ## - CATALOGING SOURCE
- Original cataloging agency: OSt
- Transcribing agency: OSt
100 ## - HEADING--PERSONAL NAME
- Personal name: West, W J
670 ## - SOURCE DATA FOUND
- Source citation: Work cat.: (OSt)3312: West, W J ., Wood work / , 1957.
